• 首页
  • 本馆介绍
  • 公告通知
  • 最新文献
  • 馆藏检索
  • 电子资源
  • 读者导购
  • 参考咨询
  • 我的图书馆
  • 登录
  • 详细信息显示
  • 放入我的书架
  • 预约/预借图书
  • 作者相关作品
  • 分类相关作品
  • 丛书相关作品
  • 出版社相关作品

书目信息

  • 表格格式
  • 工作单格式
  • 卡片格式
题名:
言菊朋的舞台艺术
    
 
作者: 言少朋 著
分册:  
出版信息: 北京   中国戏剧出版社  1959
页数: 53页
开本: 20cm
丛书名:
单 册:
中图分类: J821.2
科图分类:
主题词: 戏剧--艺术--中国
电子资源:
ISBN:
000 00547nam0 2200193 450
001 0639055235
005 20060804105301.71
010    @dCNY0.23
100    @a20060804d1959 km y0chiy0120 ea
101 0  @achi
102    @aCN@b110000
200 1  @a言菊朋的舞台艺术@Ayan ju peng de wu tai yi shu@f言少朋等著@Fyan shao peng deng zhu
210    @a北京@c中国戏剧出版社@d1959
215    @a53页@c照片@d20cm
606 0  @a戏剧@x艺术@x中国
690    @aJ821.2@v3
701  0 @a言少朋@Ayan shao peng@4著
801  0 @aCN@bPFT@c20060804
905    @a10447@dJ821.2@e65
    
    言菊朋的舞台艺术/言少朋等著.-北京:中国戏剧出版社,1959
    53页:照片;20cm
    
    
    ISBN :CNY0.23
    
●
相关链接 在E读中查询图书 在五车中查询图书 在当当中查询图书 在豆瓣中查询图书


正题名:言菊朋的舞台艺术     索取号:J821.2/65         预约/预借

序号 登录号 条形码 馆藏地/架位号 状态 备注
1 0444578   204445788   密集书库/ [索取号:J821.2/65] 在馆    
唐山师范学院图书馆 欢迎您!
大连网信软件有限公司© 版权所有